000 00550nam a2200217Ia 4500
005 20241216010204.0
008 180423s9999||||xx |||||||||||||| ||und||
082 _a869.51
_bB23
100 _aBARRIONUEVO, ALFONSINA
245 0 _aEL PEQUEÑITO HUCHUYSITO
250 _a0
260 _aLIMA-PERU
_bCONCYTEC
_c1989
300 _a100 pag.
_c21 cm
341 _h0
490 _v0
_a0
505 _aRELATOS-CUENTOS ANTIGUOS/LITERATURA PERUANA
541 _aD
_bCONCYTEC
_d19-Dec-93
650 _aLITERATURA
856 _zHumanidades
942 _cLIBRO
999 _c7872
_d7872